KOHA-Header-6

Access 2016 Bible, The Comprehensive tutorial Resource (Record no. 789)

000 -LEADER
fixed length control field 00332nam a2200121Ia 4500
008 - FIXED-LENGTH DATA ELEMENTS--GENERAL INFORMATION
fixed length control field 190722s9999 xx 000 0 und d
020 ## - INTERNATIONAL STANDARD BOOK NUMBER
International Standard Book Number 978-81-265-5911-4
100 ## - MAIN ENTRY--PERSONAL NAME
Personal name Michael Alexander
245 #0 - TITLE STATEMENT
Title Access 2016 Bible, The Comprehensive tutorial Resource
260 ## - PUBLICATION, DISTRIBUTION, ETC. (IMPRINT)
Place of publication, distribution, etc New Delhi
Name of publisher, distributor, etc Wiley India
Date of publication, distribution, etc 2016
300 ## - PHYSICAL DESCRIPTION
Extent 1108
942 ## - ADDED ENTRY ELEMENTS (KOHA)
Koha item type Books
Holdings
Withdrawn status Lost status Source of classification or shelving scheme Damaged status Not for loan Collection code Permanent Location Current Location Shelving location Date acquired Total Checkouts Full call number Barcode Date last seen Date checked out Price effective from Koha item type
        Not For Loan Computer Science Computing and Engineering Library Block-D Computing and Engineering Library Block-D Shelf No.A32 2019-07-22 1 5.756 7415 2019-11-04 2019-10-14 2019-07-22 Computer Science

Powered by Koha